| 000 | 01084nam a22003017a 4500 | ||
|---|---|---|---|
| 005 | 20101228105846.0 | ||
| 008 | 101228t xxu||||| |||| 00| 0 eng d | ||
| 010 | _aENG-101882 | ||
| 020 |
_a9780071070980 _c495.00 |
||
| 020 |
_a0071070982 _c495.00 |
||
| 035 | _aEN-85414 | ||
| 037 | _bDBAD/PUB | ||
| 040 |
_adpl _bEng |
||
| 082 | _a387.70655957 | ||
| 100 |
_925104 _aHeracleous, Loizos |
||
| 245 |
_aFlying high in a competitive industry : _cby Loizos Heracleous , Jochen Wirtz [and] Nitin Pangarkar _bsecrets of the world's leading airline / |
||
| 250 | _arev. ed | ||
| 260 |
_aNew Delhi _bTata McGraw Hill _c2010 |
||
| 270 |
_a7 West Patel Nagar _bNew Delhi _e110008 |
||
| 300 |
_axx,246p. : _c24cm (Hb) _bill. |
||
| 500 | _aIncludes index | ||
| 650 | _925112 | ||
| 651 | _925116 | ||
| 700 |
_925105 _aWirtz, Jochen |
||
| 700 |
_aPangarkar,Nitin _925122 |
||
| 942 |
_2ddc _cEN _h387.70655957 _mHER |
||
| 999 |
_c49578 _d49578 |
||